Determinanty ekologických inovácií
Ekologické inovácie sa stali hlavnými politickými cieľmi Lisabonskej zmluvy a Akčného plánu pre environmentálne technológie EU. Hnacie sily a prekážky ekologických inovácií. Faktory na strane ponuky a na strane dopytu.
Gespeichert in:
| 1. Verfasser: | |
|---|---|
| Weitere Verfasser: | |
| Format: | Buchkapitel |
| Sprache: | Slowakisch |
| Schlagworte: | |
| Tags: |
Keine Tags, Fügen Sie das erste Tag hinzu!
|
MARC
| LEADER | 00000naa a2200000 4500 | ||
|---|---|---|---|
| 001 | 0281660 | ||
| 005 | 20240417075152.2 | ||
| 041 | 0 | |a slo | |
| 044 | |a SK | ||
| 245 | 1 | 0 | |a Determinanty ekologických inovácií |c Erika Loučanová, Miriam Olšiaková |
| 520 | |a Ekologické inovácie sa stali hlavnými politickými cieľmi Lisabonskej zmluvy a Akčného plánu pre environmentálne technológie EU. Hnacie sily a prekážky ekologických inovácií. Faktory na strane ponuky a na strane dopytu. | ||
| 610 | 2 | 0 | |a inovácie environmentálne |
| 610 | 2 | 0 | |a produkty environmentálne |
| 610 | 2 | 0 | |a environmentalistika |
| 610 | 2 | 0 | |a prostredie životné |
| 100 | 1 | |a Loučanová, Erika | |
| 700 | 1 | |a Olšiaková, Miriam | |